| 000 | 01184cam a2200373 a 4500 | ||
|---|---|---|---|
| 003 | CHAP | ||
| 005 | 20220329142127.0 | ||
| 008 | 990826d1997 mx r 00010 spa d | ||
| 010 | _a78867 | ||
| 011 | _a79839 | ||
| 020 | _a9688809462 | ||
| 035 | _a90253 | ||
| 040 | _cCHAP | ||
| 082 | 0 | 4 |
_a658 _bG6Y 1996 |
| 100 | 0 | 0 |
_aGordon, Judith R. _950022 |
| 245 | 1 | 0 |
_aComportamiento organizacional _c/por Judith R. Gordon |
| 260 |
_aMéxico, D.F. : _bPrentice Hall hispanoamericana, _c1997. |
||
| 300 | _a762 p. | ||
| 500 | _aTrad. de : Organizational behavior, 5ed. 1996. | ||
| 590 |
_aBATCH-UPD _b10 _c20130110 _lUCH01 _h0815 |
||
| 590 |
_aBATCH-UPD _b10 _c20130410 _lUCH01 _h0452 |
||
| 590 |
_aBATCH-UPD _b10 _c20130913 _lUCH01 _h1933 |
||
| 590 |
_aCONVERSION _b10 _c20130109 _lUCH01 _h1344 |
||
| 650 | 1 | 4 |
_aAdministración. _9918 |
| 650 | 1 | 4 |
_aConducta (Psicología) _926343 |
| 650 | 1 | 4 |
_aDirigentes. _932700 |
| 650 | 1 | 4 |
_aOrganización. _983533 |
| 650 | 1 | 4 |
_aPoder. _989471 |
| 650 | 1 | 4 |
_aToma de decisiones. _9113662 |
| 901 | _aBK | ||
| 905 | _aLilia Sánchez G. | ||
| 942 | _cLIBRO | ||
| 949 |
_a658 G6Y 1996 _bBC _cLIBRO _d33724000738449 _eLIBRO _gI.199149 _h96266 _i90253 _si _t$238.00 |
||
| 999 |
_c78867 _d78867 |
||